| 000 | 00403nam a22001457a 4500 | ||
|---|---|---|---|
| 999 |
_c7711 _d7711 |
||
| 008 | 190311b ||||| |||| 00| 0 eng d | ||
| 020 | _a9789386432100 | ||
| 082 | _a332 P93d 2017 | ||
| 100 | _aPankaj, Prabhat. | ||
| 245 |
_aDemonetization ; _bwhat lies ahead fro Indian economy? |
||
| 260 |
_aNew York ; _bBloomsbury, _c2017. |
||
| 300 |
_axiii, 245 p. _c22 cm. |
||
| 700 | _aJain, Sheenu. | ||
| 942 | _2ddc | ||